[Event "Turtle Speed # 34"]
[Site "SchemingMind.com"]
[Date "2009.04.20"]
[Round "-"]
[White "MazetaFighter"]
[Black "Pawne4"]
[Result "1-0"]
[WhiteCountry "GRE"]
[BlackCountry "IRL"]
[WhiteElo "1994"]
[WhiteRD "61"]
[BlackElo "1416"]
[BlackRD "108"]
[GameID "201001"]

1. e4 e5 2. Nf3 Nc6 3. Bc4 Bc5 4. d3 Nf6 5. c3 d6 6. b4 Bb6 7. O-O O-O 8. a4 Bd7 9. a5 Bxf2+ 10. Rxf2 Ng4
11. Rf1
1-0

[Event "Turtle Speed # 34"]
[Site "SchemingMind.com"]
[Date "2009.04.20"]
[Round "-"]
[White "Pawne4"]
[Black "MazetaFighter"]
[Result "0-1"]
[WhiteCountry "IRL"]
[BlackCountry "GRE"]
[WhiteElo "1416"]
[WhiteRD "108"]
[BlackElo "1994"]
[BlackRD "61"]
[GameID "201002"]

1. e4 d5 2. d3 dxe4 3. dxe4 Qxd1+ 4. Kxd1 e5 5. Nf3 Bg4 6. h3 Bxf3+ 7. gxf3 Nf6 8. Bc4 Nc6 9. Nc3 Na5 10. Bb5+ c6
0-1

[Event "Turtle Speed # 34"]
[Site "SchemingMind.com"]
[Date "2009.04.25"]
[Round "-"]
[White "Archon"]
[Black "Pawne4"]
[Result "1-0"]
[WhiteCountry "CAN"]
[BlackCountry "IRL"]
[WhiteElo "1703"]
[WhiteRD "59"]
[BlackElo "1416"]
[BlackRD "108"]
[GameID "201282"]

1. d4 d5 2. e4 e5 3. dxe5 d4 4. Bc4 Bc5 5. Qf3 f6 6. e6 Nc6 7. Nh3 Ne5 8. Qh5+ g6 9. Qe2 c6 10. Nf4 Qd6
11. Bb3
1-0

[Event "Turtle Speed # 34"]
[Site "SchemingMind.com"]
[Date "2009.04.20"]
[Round "-"]
[White "Archon"]
[Black "MazetaFighter"]
[Result "0-1"]
[WhiteCountry "CAN"]
[BlackCountry "GRE"]
[WhiteElo "1713"]
[WhiteRD "61"]
[BlackElo "2004"]
[BlackRD "61"]
[GameID "201283"]

1. d4 e6 2. e4 d5 3. Be3 dxe4 4. f3 exf3 5. Nxf3 Nf6 6. Bd3 Nc6 7. Nc3 Be7 8. a3 Nd5 9. Nxd5 exd5 10. O-O O-O
11. Ne5 Bf6 12. Qh5 g6 13. Qe2 Nxe5 14. dxe5 Bxe5 15. Bh6 Re8 16. Qf3 Be6 17. Rae1 Bxh2+ 18. Kh1 Qh4 19. Bg5 Qxg5 20. Kxh2 Qh4+
21. Kg1 c5 22. Rxe6 fxe6 23. Qf7+ Kh8 24. c3 Qe7 25. Bxg6 hxg6 26. Qxg6 Qg7 27. Qh5+ Qh7 28. Qe2 Rad8 29. Rf3 Qb1+ 30. Kh2 Kg8
31. Rg3+ Kf7 32. Qf3+ Qf5 33. Qe3 Rh8+ 34. Kg1 Qb1+ 35. Kf2 Qxb2+ 36. Kg1 Qb1+ 37. Kf2 Qc2+ 38. Kg1 Qd1+ 39. Kf2 d4 40. cxd4 Qxd4
0-1

[Event "Turtle Speed # 34"]
[Site "SchemingMind.com"]
[Date "2009.04.25"]
[Round "-"]
[White "Pawne4"]
[Black "Archon"]
[Result "0-1"]
[WhiteCountry "IRL"]
[BlackCountry "CAN"]
[WhiteElo "1416"]
[WhiteRD "108"]
[BlackElo "1703"]
[BlackRD "59"]
[GameID "201284"]

1. e4 d6 2. d4 Nf6 3. Nf3 Nxe4 4. Bf4 g6 5. Be3 Bg7 6. Bd3 Nf6 7. O-O O-O 8. Nc3 Bg4 9. h3 Bxf3 10. Qxf3 Nc6
0-1

[Event "Turtle Speed # 34"]
[Site "SchemingMind.com"]
[Date "2009.04.21"]
[Round "-"]
[White "MazetaFighter"]
[Black "Archon"]
[Result "1-0"]
[WhiteCountry "GRE"]
[BlackCountry "CAN"]
[WhiteElo "2002"]
[WhiteRD "63"]
[BlackElo "1661"]
[BlackRD "60"]
[GameID "201285"]

1. e4 d6 2. d4 Nf6 3. Nc3 g6 4. f4 Bg7 5. Nf3 c5 6. Bb5+ Bd7 7. e5 Ng4 8. h3 cxd4 9. Qxd4 Nh6 10. Bd2 Nf5
11. Qf2 Nc6 12. exd6 Nxd6 13. Bd3 a6 14. O-O O-O 15. a3 Nf5 16. g4 Nfd4 17. Nxd4 Nxd4 18. Be3 Bc6 19. Be4 Bxe4 20. Nxe4 Nc6
21. Rad1 Qc8 22. f5 b5 23. f6 exf6 24. Nxf6+ Bxf6 25. Qxf6 Qc7 26. Bf4 Qe7 27. Qxc6 Rac8 28. Rd7 Qh4 29. Qf3 Rxc2 30. Be5
1-0

[Event "Turtle Speed # 34"]
[Site "SchemingMind.com"]
[Date "2009.04.25"]
[Round "-"]
[White "thaipham"]
[Black "Pawne4"]
[Result "1-0"]
[WhiteCountry "AUS"]
[BlackCountry "IRL"]
[WhiteElo "1631"]
[WhiteRD "86"]
[BlackElo "1416"]
[BlackRD "108"]
[GameID "201322"]

1. d4 d5 2. c4 Nf6 3. Bg5 h6 4. Bh4 Nc6 5. Nf3 e6 6. e3 Bb4+ 7. Nbd2 b6 8. Qa4 Bd7 9. Qb3 a5 10. Be2 a4
11. Qc2
1-0

[Event "Turtle Speed # 34"]
[Site "SchemingMind.com"]
[Date "2009.04.25"]
[Round "-"]
[White "thaipham"]
[Black "Archon"]
[Result "0-1"]
[WhiteCountry "AUS"]
[BlackCountry "CAN"]
[WhiteElo "1590"]
[WhiteRD "86"]
[BlackElo "1710"]
[BlackRD "56"]
[GameID "201323"]

1. d4 d6 2. c4 e5 3. Nc3 exd4 4. Qxd4 Nc6 5. Qd3 Be6 6. Nf3 Nf6 7. Bg5 Be7 8. g3 Nb4 9. Qd1 O-O 10. Bg2 Bxc4
11. O-O Nc6 12. Qc2 Be6 13. Rad1 Nd7 14. Bxe7 Qxe7 15. Rfe1 Qf6 16. e4 Nde5 17. Nd4 Nxd4 18. Rxd4 Nf3+ 19. Bxf3 Qxf3 20. Nd1 Bh3
21. Ne3 Rae8 22. Qxc7 Rxe4 23. Rxe4 Qxe4 24. Qxd6 Re8 25. Qc5 h6 26. Qxa7 Qf3 27. Qa4 Rxe3
0-1

[Event "Turtle Speed # 34"]
[Site "SchemingMind.com"]
[Date "2009.04.21"]
[Round "-"]
[White "thaipham"]
[Black "MazetaFighter"]
[Result "0-1"]
[WhiteCountry "AUS"]
[BlackCountry "GRE"]
[WhiteElo "1619"]
[WhiteRD "93"]
[BlackElo "2012"]
[BlackRD "79"]
[GameID "201324"]

1. d4 e6 2. e4 d5 3. Nd2 Nf6 4. e5 Nfd7 5. Bd3 c5 6. c3 Nc6 7. Ne2 cxd4 8. cxd4 f6 9. f4 fxe5 10. fxe5 Nxd4
11. Nxd4 Qh4+
0-1

[Event "Turtle Speed # 34"]
[Site "SchemingMind.com"]
[Date "2009.04.25"]
[Round "-"]
[White "Pawne4"]
[Black "thaipham"]
[Result "0-1"]
[WhiteCountry "IRL"]
[BlackCountry "AUS"]
[WhiteElo "1416"]
[WhiteRD "108"]
[BlackElo "1631"]
[BlackRD "86"]
[GameID "201325"]

1. d4 Nf6 2. Nc3 g6 3. Bf4 Bg7 4. Nf3 O-O 5. e3 d6 6. Bc4 c6 7. O-O b5 8. Bb3 Ba6 9. Re1 Nbd7 10. Qd3 Qb6
0-1

[Event "Turtle Speed # 34"]
[Site "SchemingMind.com"]
[Date "2009.04.25"]
[Round "-"]
[White "Archon"]
[Black "thaipham"]
[Result "1-0"]
[WhiteCountry "CAN"]
[BlackCountry "AUS"]
[WhiteElo "1710"]
[WhiteRD "56"]
[BlackElo "1590"]
[BlackRD "86"]
[GameID "201326"]

1. d4 Nf6 2. Nc3 g6 3. e4 Bg7 4. Bc4 O-O 5. Be3 d6 6. f3 Nbd7 7. Qd2 Re8 8. O-O-O a6 9. h4 b5 10. Bd3 Nb6
11. g4 Bd7 12. Nge2 Nc4 13. Bxc4 bxc4 14. h5 Qb8 15. hxg6 hxg6 16. Ng3 Qb7 17. Bh6 Rab8 18. b3 cxb3 19. axb3 Rec8 20. Bxg7 Kxg7
21. Qh6+ Kg8 22. Qh8#
1-0

[Event "Turtle Speed # 34"]
[Site "SchemingMind.com"]
[Date "2009.04.21"]
[Round "-"]
[White "MazetaFighter"]
[Black "thaipham"]
[Result "1-0"]
[WhiteCountry "GRE"]
[BlackCountry "AUS"]
[WhiteElo "2036"]
[WhiteRD "70"]
[BlackElo "1590"]
[BlackRD "86"]
[GameID "201327"]

1. e4 e6 2. d4 d5 3. Nc3 Nf6 4. Bg5 Be7 5. e5 Nfd7 6. Bxe7 Qxe7 7. f4 a6 8. Nf3 c5 9. Qd2 Nc6 10. dxc5 Nxc5
11. O-O-O Bd7 12. Qe3 b5 13. f5 exf5 14. Nxd5 Qd8 15. Qxc5 Rc8 16. Nb6
1-0

[Event "Turtle Speed # 34"]
[Site "SchemingMind.com"]
[Date "2009.04.25"]
[Round "-"]
[White "George Remias"]
[Black "Archon"]
[Result "0-1"]
[WhiteCountry "USA"]
[BlackCountry "CAN"]
[WhiteElo "1537"]
[WhiteRD "112"]
[BlackElo "1622"]
[BlackRD "59"]
[GameID "201347"]

1. d4 d6 2. e4 Nf6 3. e5 dxe5 4. dxe5 Qxd1+ 5. Kxd1 Ng4 6. Be3 Nxe5 7. Nc3 e6 8. h3 c6 9. f4 Ng6 10. Nf3 Be7
11. Bd3 Nd7 12. h4 Bd6 13. Ne2 Nc5 14. h5 Ne7 15. Nc3 Nxd3 16. cxd3 Nd5 17. Nxd5 exd5 18. Kc2 Bg4 19. Rae1 O-O-O 20. Ng5 Rdf8
21. Rh4 Bd7 22. Bxa7 h6 23. Nf3 Re8 24. Rxe8+ Rxe8 25. Nd4 c5 26. Nb3 Re2+ 27. Kc3 c4 28. dxc4 dxc4 29. Bc5 Bxc5 30. Nxc5 Rxg2
31. Nxd7 Kxd7 32. f5 b5 33. a3 Rg5 34. Rd4+ Kc6 35. Kb4 Rxh5 36. a4 Rxf5 37. axb5+ Rxb5+ 38. Kc3 f5 39. Rxc4+ Rc5 40. b3 Rxc4+
41. bxc4 g5 42. Kd3 h5 43. Ke3 Kc5 44. Kf3 h4 45. Ke3 Kxc4 46. Kf3 Kd5 47. Kg2 g4 48. Kh2 f4 49. Kg2 f3+ 50. Kh2 g3+
51. Kg1 h3 52. Kh1 Ke4 53. Kg1 f2+ 54. Kf1 h2 55. Kg2 h1=Q+ 56. Kxh1 f1=Q#
0-1

[Event "Turtle Speed # 34"]
[Site "SchemingMind.com"]
[Date "2009.04.21"]
[Round "-"]
[White "George Remias"]
[Black "MazetaFighter"]
[Result "0-1"]
[WhiteCountry "USA"]
[BlackCountry "GRE"]
[WhiteElo "1564"]
[WhiteRD "131"]
[BlackElo "2002"]
[BlackRD "63"]
[GameID "201348"]

1. d4 Nf6 2. Nc3 d5 3. g3 Bf5 4. Bg2 e6 5. Bg5 Bb4 6. a3 Bxc3+ 7. bxc3 c6 8. Bxf6 Qxf6 9. f3 Nd7 10. Nh3 O-O
11. O-O e5 12. e4 Bxh3 13. Bxh3 Nb6 14. Qd3 Rad8 15. Rfe1 dxe4 16. Rxe4 exd4 17. cxd4 c5 18. c3 c4 19. Qe2 Nd5 20. Rh4 Rfe8
21. Qc2 h6 22. Re4 Rxe4 23. Qxe4 Nxc3 24. Qe5 Rxd4 25. Qe8+ Kh7 26. Qe3 Rd3 27. Qe1 Qxf3 28. Bg2 Qe3+ 29. Qxe3 Rxe3 30. Bxb7 Nb5
31. Ba6 Nxa3 32. Rf1 c3 33. Rxf7 c2 34. Rf1 Rb3 35. Kg2 Rb1 36. Bd3+ Kg8 37. Bxc2 Rxf1 38. Kxf1 Nxc2 39. Ke2 Kf7 40. Kd3 Nb4+
41. Kc4 Nc6 42. Kb5 Nb8 43. Kc5 Ke6 44. Kd4 Kf5 45. Ke3 Kg4 46. Kf2 Kh3 47. g4 Kxg4 48. Kg2 a5 49. Kf2 a4 50. Kg2 a3
51. h3+ Kf4 52. Kf2 a2 53. Kg2 a1=Q 54. Kf2 Qd1 55. Kg2 Qe2+ 56. Kg1 Kg3 57. h4 Qd1#
0-1

[Event "Turtle Speed # 34"]
[Site "SchemingMind.com"]
[Date "2009.04.21"]
[Round "-"]
[White "George Remias"]
[Black "thaipham"]
[Result "0-1"]
[WhiteCountry "USA"]
[BlackCountry "AUS"]
[WhiteElo "1596"]
[WhiteRD "143"]
[BlackElo "1573"]
[BlackRD "73"]
[GameID "201349"]

1. d4 Nf6 2. c3 g6 3. d5 d6 4. b4 Bg7 5. Bb2 O-O 6. c4 c6 7. e3 cxd5 8. cxd5 Qb6 9. b5 Bf5 10. Na3 Nbd7
11. Qb3 Nc5 12. Qc4 Rac8 13. Qb4 Bd3 14. Nc4 Qd8 15. Ne2 Nxd5 16. Qa3 Bxc4 17. Rd1 Bxb2 18. e4 Bxa3 19. exd5 Qa5+ 20. Rd2 Nd3+
21. Kd1 Qa4+ 22. Rc2 Bxa2 23. Nd4 Nxf2+ 24. Ke2 Rxc2+ 25. Nxc2 Qxc2+ 26. Kf3 Bxd5+ 27. Kf4 Bc1+ 28. Kg3 Nxh1+ 29. Kg4 Qf5+ 30. Kh4 Qh5#
0-1

[Event "Turtle Speed # 34"]
[Site "SchemingMind.com"]
[Date "2009.04.26"]
[Round "-"]
[White "Archon"]
[Black "George Remias"]
[Result "1-0"]
[WhiteCountry "CAN"]
[BlackCountry "USA"]
[WhiteElo "1713"]
[WhiteRD "61"]
[BlackElo "1551"]
[BlackRD "134"]
[GameID "201351"]

1. d4 d5 2. e4 dxe4 3. Nc3 f5 4. Bg5 c6 5. Bc4 Nf6 6. Nh3 b5 7. Bb3 a5 8. a3 Ba6 9. O-O b4 10. axb4 Bxf1
11. Kxf1 Ng4 12. Bf4 e6 13. bxa5 Bd6 14. Bg3 Bxg3 15. hxg3 Rxa5 16. Rxa5 Qxa5 17. Bxe6 g6 18. d5 Ke7 19. Nf4 Rd8 20. Qd4 Nf6
21. Qe5 Qa6+ 22. Ke1 Nfd7 23. d6+ Ke8 24. Bxd7+ Kf7 25. Qe7+ Kg8 26. Ne6 Qa1+ 27. Kd2 e3+ 28. fxe3
1-0

[Event "Turtle Speed # 34"]
[Site "SchemingMind.com"]
[Date "2009.04.21"]
[Round "-"]
[White "MazetaFighter"]
[Black "George Remias"]
[Result "1-0"]
[WhiteCountry "GRE"]
[BlackCountry "USA"]
[WhiteElo "2004"]
[WhiteRD "61"]
[BlackElo "1551"]
[BlackRD "134"]
[GameID "201352"]

1. e4 e5 2. Nf3 d6 3. d4 Bg4 4. dxe5 dxe5 5. Qxd8+ Kxd8 6. Nxe5 Be6 7. Nc3 Bb4 8. Bd2 Nf6 9. O-O-O Bxc3 10. Bxc3+ Nbd7
11. Nxd7 Bxd7 12. Bxf6+ gxf6 13. Bb5 c6 14. Bc4 Ke7 15. Bxf7 b5 16. Bh5 Rhg8 17. Bf3 Rg5 18. Rd2 b4 19. Rhd1 Be6 20. g3 Rc5
21. Rd4 a5 22. Kb1 f5 23. exf5 Bxf5 24. Re1+ Kf7 25. Rf4 Kg6 26. Bd1 a4 27. g4 Bd7 28. h4 h6 29. Re7 Rd5 30. Kc1 b3
31. cxb3 axb3 32. Bxb3 Rc5+ 33. Kb1 Bf5+ 34. gxf5+ Kf6 35. Re6+ Kg7 36. Rg4+ Kf7 37. Rxc6+ Ke7 38. Rxc5
1-0

[Event "Turtle Speed # 34"]
[Site "SchemingMind.com"]
[Date "2009.04.21"]
[Round "-"]
[White "thaipham"]
[Black "George Remias"]
[Result "1-0"]
[WhiteCountry "AUS"]
[BlackCountry "USA"]
[WhiteElo "1573"]
[WhiteRD "73"]
[BlackElo "1596"]
[BlackRD "143"]
[GameID "201353"]

1. d4 Nf6 2. c4 d5 3. Nc3 c6 4. Bg5 Ne4 5. Nxe4 dxe4 6. e3 f6 7. Bh4 g5 8. Qh5+ Kd7 9. Bg3 Qe8 10. Qg4+ Kd8
11. Qxe4 Qf7 12. Rd1 e6 13. Ne2 Bb4+ 14. Nc3 Re8 15. Be2 Nd7 16. O-O Bxc3 17. bxc3 f5 18. Qc2 Nb6 19. f3 h5 20. e4 f4
21. Bf2 Bd7 22. c5 Nc8 23. Bc4 Ne7 24. Bb3 b5 25. c4 a6 26. d5 bxc4 27. dxe6 Qxe6 28. Bxc4 Qg6 29. Rd6 Qg7 30. Rfd1 Ra7
31. Qb3 Kc8 32. Rb1 Kc7 33. Qb6+ Kc8 34. Qb8#
1-0

[Event "Turtle Speed # 34"]
[Site "SchemingMind.com"]
[Date "2009.04.25"]
[Round "-"]
[White "Derek"]
[Black "Archon"]
[Result "0-1"]
[WhiteCountry "ENG"]
[BlackCountry "CAN"]
[WhiteElo "1431"]
[WhiteRD "75"]
[BlackElo "1710"]
[BlackRD "56"]
[GameID "201355"]

1. Nf3 d6 2. d4 g6 3. e4 Bg7 4. Be3 Nf6 5. Bd3 O-O 6. O-O Nbd7 7. Nc3 Nb6 8. h3 Nfd7 9. Qd2 c5 10. dxc5 Nxc5
11. Rab1 Nba4
0-1

[Event "Turtle Speed # 34"]
[Site "SchemingMind.com"]
[Date "2009.04.21"]
[Round "-"]
[White "Derek"]
[Black "thaipham"]
[Result "1/2-1/2"]
[WhiteCountry "ENG"]
[BlackCountry "AUS"]
[WhiteElo "1431"]
[WhiteRD "75"]
[BlackElo "1590"]
[BlackRD "86"]
[GameID "201357"]

1. d4 Nf6 2. Nf3 g6 3. g3 Bg7 4. Bg2 O-O 5. O-O d6 6. c4 c5 7. d5 Bd7 8. Nc3 Na6 9. a3 Qa5 10. Bd2 Rab8
11. Qc2 Qc7 12. Qb3=
1/2-1/2

[Event "Turtle Speed # 34"]
[Site "SchemingMind.com"]
[Date "2009.04.21"]
[Round "-"]
[White "Derek"]
[Black "George Remias"]
[Result "0-1"]
[WhiteCountry "ENG"]
[BlackCountry "USA"]
[WhiteElo "1431"]
[WhiteRD "75"]
[BlackElo "1737"]
[BlackRD "203"]
[GameID "201358"]

1. d4 d6 2. Nf3 b6 3. g3 Bb7 4. Bg2 c5 5. O-O Nd7 6. Nc3 Ngf6 7. b3 e5 8. e3 Ba6 9. Re1 e4 10. Nd2 d5
11. Bf1 Bxf1 12. Kxf1 a6
0-1

[Event "Turtle Speed # 34"]
[Site "SchemingMind.com"]
[Date "2009.04.25"]
[Round "-"]
[White "Archon"]
[Black "Derek"]
[Result "1-0"]
[WhiteCountry "CAN"]
[BlackCountry "ENG"]
[WhiteElo "1710"]
[WhiteRD "56"]
[BlackElo "1431"]
[BlackRD "75"]
[GameID "201360"]

1. d4 g6 2. e4 Nf6 3. Nc3 d6 4. Bc4 Bg7 5. Nf3 O-O 6. Qe2 Bg4 7. Be3 c6 8. O-O-O b5 9. Bd3 Qc7 10. Kb1 e5
11. h3 Be6 12. Rdg1
1-0

[Event "Turtle Speed # 34"]
[Site "SchemingMind.com"]
[Date "2009.04.21"]
[Round "-"]
[White "thaipham"]
[Black "Derek"]
[Result "1-0"]
[WhiteCountry "AUS"]
[BlackCountry "ENG"]
[WhiteElo "1590"]
[WhiteRD "86"]
[BlackElo "1431"]
[BlackRD "75"]
[GameID "201362"]

1. d4 d5 2. c4 Nf6 3. Bg5 c5 4. g3 Qa5+ 5. Nc3 Ne4 6. Bd2 Nxd2 7. Qxd2 e6 8. Bg2 dxc4 9. dxc5 Bxc5 10. Nf3 Nc6
11. O-O g6 12. Qf4 Qb4 13. Ng5 f5 14. Rab1 e5 15. Qd2 Bd7 16. Qd5 Be7 17. Qf7+ Kd8 18. Rfd1 Bd6 19. Qf6+
1-0

[Event "Turtle Speed # 34"]
[Site "SchemingMind.com"]
[Date "2009.04.22"]
[Round "-"]
[White "George Remias"]
[Black "Derek"]
[Result "1-0"]
[WhiteCountry "USA"]
[BlackCountry "ENG"]
[WhiteElo "1737"]
[WhiteRD "203"]
[BlackElo "1431"]
[BlackRD "75"]
[GameID "201363"]

1. d4 Nf6 2. Nc3 g6 3. e4 d6 4. Nf3 Bg7 5. Be2 O-O 6. O-O Nc6 7. d5 Ne5 8. Nxe5 dxe5 9. f4 Qd6 10. b3 exf4
11. Bb2 Nxe4 12. Nb5 Qb6+ 13. Nd4
1-0

[Event "Turtle Speed # 34"]
[Site "SchemingMind.com"]
[Date "2009.04.25"]
[Round "-"]
[White "Clive Everill"]
[Black "Archon"]
[Result "1-0"]
[WhiteCountry "CZE"]
[BlackCountry "CAN"]
[WhiteElo "1644"]
[WhiteRD "51"]
[BlackElo "1710"]
[BlackRD "56"]
[GameID "201391"]

1. Nf3 d6 2. d4 g6 3. e4 Nf6 4. Nc3 Bg7 5. Bd3 e5 6. dxe5 dxe5 7. Nxe5 Nxe4 8. Nxf7 Nxc3 9. Qf3 Qe7+ 10. Be3 Qxf7
11. Qg3 Nd5 12. O-O Nc6 13. Bc5 Be6 14. Bb5 Bd7 15. Rfe1+ Kd8 16. Rad1 Kc8 17. c4 Nb6 18. Bxc6 Bxc6 19. Re7 Qxc4 20. Qxc7#
1-0

[Event "Turtle Speed # 34"]
[Site "SchemingMind.com"]
[Date "2009.04.21"]
[Round "-"]
[White "Clive Everill"]
[Black "MazetaFighter"]
[Result "0-1"]
[WhiteCountry "CZE"]
[BlackCountry "GRE"]
[WhiteElo "1632"]
[WhiteRD "49"]
[BlackElo "1994"]
[BlackRD "61"]
[GameID "201392"]

1. e4 e5 2. Nf3 Nc6 3. Bb5 a6 4. Ba4 d6 5. d4 b5 6. Bb3 Nxd4 7. Nxd4 exd4 8. Qxd4 c5 9. Qd5 Be6 10. Qc6+ Bd7
11. Qd5 c4 12. Bxc4 bxc4 13. Qxc4 Nf6 14. Bg5 Be7 15. a4 O-O 16. O-O Be6 17. Qd3 Qc7 18. f4 Bc4 19. Qe3 Bxf1 20. Kxf1 Qxc2
21. Nc3 Qxb2 22. Rb1 Qa3 23. Qd2 Rac8 24. Rc1 Nxe4 25. Nxe4 Rxc1+ 26. Ke2 Bxg5 27. Nxg5 Re8+ 28. Kf2 Qc5+ 29. Kg3 Qe3+
0-1

[Event "Turtle Speed # 34"]
[Site "SchemingMind.com"]
[Date "2009.04.21"]
[Round "-"]
[White "Clive Everill"]
[Black "Derek"]
[Result "1-0"]
[WhiteCountry "CZE"]
[BlackCountry "ENG"]
[WhiteElo "1644"]
[WhiteRD "51"]
[BlackElo "1431"]
[BlackRD "75"]
[GameID "201393"]

1. e4 e6 2. d4 d5 3. Nc3 Nf6 4. Bg5 Be7 5. Bb5+ c6 6. Bd3 Nbd7 7. e5 Ng8 8. Be3 f5 9. Qh5+ g6 10. Qe2 c5
11. dxc5 Nxc5 12. Bb5+ Bd7 13. Bxd7+ Qxd7 14. O-O-O Kf7 15. g4 Qd8 16. gxf5 gxf5 17. Qh5+ Kg7 18. Nf3 Qe8 19. Rhg1+ Kf8 20. Bh6+
1-0

[Event "Turtle Speed # 34"]
[Site "SchemingMind.com"]
[Date "2009.04.21"]
[Round "-"]
[White "Clive Everill"]
[Black "thaipham"]
[Result "1-0"]
[WhiteCountry "CZE"]
[BlackCountry "AUS"]
[WhiteElo "1682"]
[WhiteRD "51"]
[BlackElo "1619"]
[BlackRD "93"]
[GameID "201394"]

1. Nf3 Nf6 2. d4 g6 3. c4 Bg7 4. Nc3 O-O 5. e4 d6 6. Bd3 Nbd7 7. O-O e5 8. Bg5 c6 9. d5 c5 10. Nd2 h6
11. Be3 Nh7 12. f4 exf4 13. Bxf4 Ne5 14. Be2 Bd7 15. Qc1 a6 16. Nf3 Nxf3+ 17. Bxf3 Qe7 18. Bxh6 Nf6 19. Bxg7 Kxg7 20. Qg5 Nxd5
21. Qxd5
1-0

[Event "Turtle Speed # 34"]
[Site "SchemingMind.com"]
[Date "2009.04.21"]
[Round "-"]
[White "Clive Everill"]
[Black "George Remias"]
[Result "1-0"]
[WhiteCountry "CZE"]
[BlackCountry "USA"]
[WhiteElo "1620"]
[WhiteRD "50"]
[BlackElo "1596"]
[BlackRD "143"]
[GameID "201395"]

1. e4 e5 2. Nf3 d6 3. d4 g5 4. dxe5 dxe5 5. Qxd8+ Kxd8 6. Bxg5+ f6 7. Nxe5 Be6 8. Bh4 Be7 9. Nf3 Nc6 10. Bb5 Nb4
11. Na3 c6 12. Ba4 Kc7 13. Bb3 Bxb3 14. axb3 Rd8 15. O-O Rd4 16. Nxd4 Nh6 17. Ne6+ Kd6 18. Nf4 Ke5 19. Nd3+ Nxd3 20. cxd3 a5
21. Nc4+ Kf4 22. Bg3+ Kg5 23. Rxa5+ b5 24. f4+ Kg6 25. f5+ Kg5 26. Ne3 Bc5 27. Bf2 Kf4 28. g3+ Kf3 29. Ng2 Bxf2+ 30. Rxf2+ Kg4
31. Rf4+ Kh5 32. h3 Kg5 33. Ra7 Rg8 34. Rxh7 c5 35. Rh4 Nxf5 36. Rg4#
1-0

[Event "Turtle Speed # 34"]
[Site "SchemingMind.com"]
[Date "2009.04.23"]
[Round "-"]
[White "Archon"]
[Black "Clive Everill"]
[Result "1-0"]
[WhiteCountry "CAN"]
[BlackCountry "CZE"]
[WhiteElo "1710"]
[WhiteRD "56"]
[BlackElo "1644"]
[BlackRD "51"]
[GameID "201397"]

1. Nf3 d5 2. g3 Nc6 3. Bg2 e5 4. d3 Bc5 5. O-O Nge7 6. Nxe5 Nxe5 7. d4 Bxd4 8. Qxd4 N5c6 9. Qd1 O-O 10. Nd2 f5
11. Nf3 h6 12. Nd4 Ne5 13. Bf4 N5g6 14. e3 c5 15. Nf3 Nc6 16. c3 Nxf4 17. exf4 Be6 18. Re1 Qd6 19. Ne5 Ne7 20. Qe2 Rfe8
21. Rad1 Qc7 22. Qc2 Qb6 23. Re2 Rac8 24. Rde1 Qd6 25. Qd1 b6 26. Nc4 Bf7 27. Nxd6
1-0

[Event "Turtle Speed # 34"]
[Site "SchemingMind.com"]
[Date "2009.04.22"]
[Round "-"]
[White "MazetaFighter"]
[Black "Clive Everill"]
[Result "1-0"]
[WhiteCountry "GRE"]
[BlackCountry "CZE"]
[WhiteElo "1990"]
[WhiteRD "68"]
[BlackElo "1659"]
[BlackRD "48"]
[GameID "201398"]

1. e4 c6 2. d4 d5 3. Nc3 Nf6 4. e5 Nfd7 5. f4 g6 6. Nf3 Nb6 7. Bd3 Bg7 8. O-O O-O 9. Ne2 Bg4 10. Ng3 N8d7
11. h3 Bxf3 12. Qxf3 f5 13. b3 e6 14. Ba3 Rf7 15. Ne2 Nc8 16. Kh1 Bf8 17. Bc1 Kh8 18. Qg3 Be7 19. Ng1 Bh4 20. Qe3 b6
21. Nf3 Be7 22. Bd2 a5 23. Be1 c5 24. dxc5 Bxc5 25. Qd2 Na7 26. Bh4 Qf8 27. Ng5 Re7 28. a3 b5 29. b4 axb4 30. axb4 Bb6
31. Ra6 Nc6 32. Rxa8 Qxa8 33. Bxb5 Ndb8 34. Nf3 Rb7 35. Bf6+ Kg8 36. Ng5 Nd8 37. Qe2 Qa3 38. Bxd8 Bxd8 39. Nxe6 Be7 40. c4 Qxb4
41. Rc1 Nd7 42. Bc6 Ra7 43. Bxd5 Kh8 44. Nd4 Nb8 45. Qc2 Qc5 46. Nxf5 gxf5 47. Qxf5 Qc7 48. Qe6 Qd8 49. f5 Ra6 50. Qf7 Nd7
51. f6 Bxf6 52. exf6 Rxf6 53. Qh5 Qf8 54. Qh4 Nc5 55. Ra1 Rf1+ 56. Rxf1 Qxf1+ 57. Kh2 Qa1 58. Qd8+ Kg7 59. Qe7+ Kh6 60. Qxc5 Qe5+
61. Kh1 Qe1+ 62. Qg1 Qe5 63. Bf3
1-0

[Event "Turtle Speed # 34"]
[Site "SchemingMind.com"]
[Date "2009.04.21"]
[Round "-"]
[White "Derek"]
[Black "Clive Everill"]
[Result "0-1"]
[WhiteCountry "ENG"]
[BlackCountry "CZE"]
[WhiteElo "1431"]
[WhiteRD "75"]
[BlackElo "1644"]
[BlackRD "51"]
[GameID "201399"]

1. d4 f5 2. e3 Nf6 3. Nf3 e6 4. c4 Be7 5. Nc3 O-O 6. Be2 Bb4 7. Bd2 d5 8. a3 Be7 9. c5 b6 10. b4 Ne4
11. O-O Nxd2 12. Qxd2 Nd7 13. Na4 Bb7 14. Rfc1 bxc5 15. bxc5 Bc6 16. Qa5 g5 17. Qa6 Nb8 18. Qa5= g4 19. Ne5 Bxa4 20. Qxa4 Bf6
21. Qb5 Bxe5 22. dxe5 Nd7 23. Qc6 Re8
0-1

[Event "Turtle Speed # 34"]
[Site "SchemingMind.com"]
[Date "2009.04.22"]
[Round "-"]
[White "thaipham"]
[Black "Clive Everill"]
[Result "0-1"]
[WhiteCountry "AUS"]
[BlackCountry "CZE"]
[WhiteElo "1590"]
[WhiteRD "86"]
[BlackElo "1644"]
[BlackRD "51"]
[GameID "201400"]

1. d4 Nf6 2. c4 g6 3. Nc3 Bg7 4. e4 d6 5. Nf3 O-O 6. Be2 Bg4 7. Be3 Nc6 8. h3 Bd7 9. O-O Qc8 10. Kh2 a6
11. e5 dxe5 12. dxe5 Ne8 13. Bf4 f6 14. exf6 exf6 15. Nd5 Be6 16. Rc1 f5 17. Qd2 Kh8 18. Rfe1 Nf6 19. Nxc7 Ne4 20. Qc2 Nxf2
21. Nxe6 Ng4+ 22. hxg4 Qxe6 23. Ng5 Qf6 24. gxf5 gxf5 25. Rb1 Bh6 26. Qc1 Qg6 27. Bd3 Qh5+ 28. Kg1 Bg7 29. Ne6 Rg8 30. Nxg7 Rxg7
31. Qc3 Qg4 32. Qd2 Nd4 33. Bf1 Nf3+
0-1